000 00662nam a2200229Ia 4500
005 20260430150008.0
008 008 250103s9999 xx 000 0 eng d
037 _aTheses
040 _aCRL
040 _beng
040 _ceng
041 _2eng
041 _aeng
084 _qCRL
100 _aRajak Komal Au.; Sukumar N. Gu.
_91236144
245 0 _acontextaulizing Hindu Code bill in Women's Empowerment: An Inquiry into Hindu Women's Property Rights in India
260 _c2021
300 _a160p.
700 _aUniversity of Delhi. Faculty of social Sciences. Deptt of Political Science
_91236145
942 _cTH
999 _c1848681
_d1848681